000 00725nam1a22002171i 4500
001 rc\645388
005 20240723230612.0
035 _a(NLR Aleph) 005951901
090 _a6772147
_c6772147
100 _a20031121d1986 u |0rusy50 ca
101 0 _arus
102 _aRU
105 _ay |||||||||
200 1 _aСочинения
_eВ 2 т.
_eПер. с исп.
_fХосе Рисаль
_g[Вступ. ст. И. Подберезского
_gКоммент. Ю. Левтоновой
_gХудож. М. Дорохов]
210 _aМ.
_cХудож. лит.
_d1986
215 _d21
700 1 _aРисаль
_bХ.
_f1861-1896
_gХосе
801 0 _aRU
_bNLR
_gpsbo
801 1 _aRU
_bELAR
_2rusmarc
852 _aNLR
_j86-3/12527
942 _cBOOK